000
00329nam a2200133Ia 4500
008
231017s9999 xx 000 0 und d
082
_a
624.08
082
_b
BAL
245
0
_a
Austroads Asphalt Mix Design Implementation Workshops (AP-R257/04)
245
0
_c
Austroads
260
_b
Austroads
300
_c
30cm
942
_c
REP
999
_c
604049
_d
604049